| 000 | 00488nam a2200169 i 4500 | ||
|---|---|---|---|
| 001 | 23615 | ||
| 003 | ES-MaACL | ||
| 007 | t| | ||
| 008 | 021211s1936 fr ||||1| fre d | ||
| 100 | 1 |
_aAncel, Jacques. _921394 |
|
| 245 | 1 | 0 |
_aManuel géographique de politique européenne / _cJacques Ancel. |
| 260 |
_aParis : _bLibrairie Delagrave, _c1936. |
||
| 300 |
_av. ; _c25 cm. |
||
| 505 | 8 | _aContiene: V. I. L'Europe centrale | |
| 740 | 2 | _aL'Europe centrale. | |
| 852 |
_aES-MaACL _jP-755-bis |
||
| 999 |
_c23615 _d23615 |
||